[Event "Budapest Statistika"]
[Site "Budapest"]
[Date "1995.??.??"]
[Round "2"]
[White "Petran, Pal"]
[Black "Koerholz, Ludger"]
[Result "1-0"]
[WhiteElo "2420"]
[BlackElo "2350"]

1.d4 Nf6 2.Nf3 g6 3.c4 Bg7 4.Nc3 O-O 5.e4 d6 6.Be2 e5 7.O-O exd4 8.Nxd4 Re8
9.f3 c6 10.Kh1 Nbd7 11.Nb3 Qe7 12.Bg5 a5 13.Qd2 a4 14.Nd4 Nc5 15.Rad1 Qf8
16.Nc2 Re6 17.Rfe1 Nfd7 18.Bf1 Ne5 19.Be3 Ned7 20.Bd4 Be5 21.f4 Bf6 22.g3 Re8
23.Bg2 Bxd4 24.Qxd4 Nb6 25.Ne3 Be6 26.f5 gxf5 27.exf5 Bc8 28.Ng4 Rxe1+ 29.Rxe1 Nbd7
30.Rd1 h5 31.Nf6+ Nxf6 32.Qxf6 Bd7 33.Bf3 a3 34.b4 Na6 35.Ne4 d5 36.Qg5+ Qg7
37.Nf6+ Kf8 38.Nxd7+ Kg8 39.Qe7 d4 40.Nf6+ Kh8 41.Rxd4 Qh6 42.Rh4 Qc1+ 43.Kg2 Qc2+
44.Be2 Kg7 45.Nxh5+  1-0

[Event "Budapest FS09 IM-A"]
[Site "Budapest"]
[Date "1995.??.??"]
[Round "2"]
[White "Giddins, Stephen"]
[Black "Borocz, Istvan"]
[Result "1-0"]
[WhiteElo "2345"]
[BlackElo "2410"]

1.d4 Nf6 2.c4 g6 3.Nc3 Bg7 4.e4 d6 5.Be2 O-O 6.Nf3 e5 7.d5 a5 8.h3 Na6 9.Bg5 Qe8
10.Nd2 h6 11.Be3 Nd7 12.g4 Ndc5 13.Rg1 Kh8 14.Nb3 f5 15.gxf5 gxf5 16.Nxc5 Nxc5
17.Qd2 Rf6 18.O-O-O Na4 19.exf5 Nxc3 20.Qxc3 Bxf5 21.Bd3 Qh5 22.Rg3 Rg6 23.Rdg1 Rxg3
24.Rxg3 c6 25.Qd2 Bxd3 26.Qxd3 e4 27.Qxe4 Re8 28.Qd3 c5 29.Bd2 Qe5 30.Rxg7 Qxg7
31.Bc3 Re5 32.f4 Qg1+ 33.Kc2 Qh2+ 34.Qd2  1-0

[Event "Budapest FS10 GM"]
[Site "Budapest"]
[Date "1995.??.??"]
[Round "2"]
[White "Horvath, Jozsef"]
[Black "Szekely, Peter"]
[Result "1/2-1/2"]
[WhiteElo "2510"]
[BlackElo "2435"]

1.d4 Nf6 2.c4 g6 3.Nc3 Bg7 4.e4 d6 5.Nf3 O-O 6.Be2 e5 7.O-O exd4 8.Nxd4 c6
9.Be3 Re8 10.Qc2 Qe7 11.f3  1/2-1/2

[Event "Budapest FS10 IM-B"]
[Site "Budapest"]
[Date "1995.??.??"]
[Round "2"]
[White "Hetey, Laszlo"]
[Black "Farago, Sandor"]
[Result "1/2-1/2"]
[WhiteElo "2290"]
[BlackElo "2360"]

1.d4 Nf6 2.c4 d6 3.Nc3 g6 4.e4 Bg7 5.Nf3 O-O 6.Be2 e5 7.d5 a5 8.Bg5 h6 9.Bh4 Na6
10.O-O Nc5 11.Nd2 Bd7 12.b3 c6 13.a3 Qb8 14.f3 Rc8 15.Bf2 cxd5 16.cxd5 b5
17.a4 b4 18.Nb5 Ne8 19.Rc1 f5 20.Bxc5 dxc5 21.Qe1 Bf8 22.Bd3 f4 23.Kh1 Nd6
24.Nxd6 Qxd6 25.Qe2 Rcb8 26.g3 Qf6 27.Rg1 Kh7 28.Nc4 g5 29.Rcf1 Ra7 30.Qd2 Bh3
31.Rf2 Rbb7 32.gxf4 gxf4 33.Bf1 Bc8 34.Rfg2 Rg7 35.Rxg7+ Bxg7 36.Qf2 Bf8
37.Qb2 Bg7 38.Qf2 Bf8 39.Qb2 Bg7  1/2-1/2

[Event "Schneider mem op"]
[Site "Budapest"]
[Date "1995.??.??"]
[Round "3"]
[White "Lengyel, Bela"]
[Black "Farago, Sandor"]
[Result "1/2-1/2"]
[WhiteElo "2320"]
[BlackElo "2360"]

1.c4 Nf6 2.d4 g6 3.Nc3 d6 4.e4 Bg7 5.Nf3 O-O 6.Be2 e5 7.d5 c5 8.Be3 Ng4 9.Bg5 f6
10.Bh4 Nh6 11.Nd2 g5 12.Bg3 f5 13.exf5 Nxf5  1/2-1/2

[Event "Budapest FS03 GM"]
[Site "Budapest"]
[Date "1995.??.??"]
[Round "5"]
[White "Kjeldsen, Jens"]
[Black "Szekely, Peter"]
[Result "1/2-1/2"]
[WhiteElo "2410"]
[BlackElo "2455"]

1.d4 Nf6 2.c4 g6 3.Nc3 Bg7 4.e4 d6 5.Nf3 O-O 6.Be2 e5 7.O-O Nbd7 8.Qc2 c6
9.Rd1 exd4 10.Nxd4 Re8  1/2-1/2

[Event "Budapest FS04 IM"]
[Site "Budapest"]
[Date "1995.??.??"]
[Round "5"]
[White "Peredy, Ferenc"]
[Black "Orso, Miklos"]
[Result "0-1"]
[WhiteElo "2230"]
[BlackElo "2380"]

1.d4 Nf6 2.Nf3 g6 3.c4 Bg7 4.Nc3 O-O 5.e4 d6 6.Be2 Nbd7 7.O-O e5 8.Bg5 c6
9.dxe5 dxe5 10.Qc2 Qc7 11.b4 Re8 12.Rfd1 Nf8 13.h3 Ne6 14.Be3 Nh5 15.c5 Qe7
16.Bf1 Kh8 17.a3 Qf6 18.Kh2 Nhf4 19.Ng1 Nd4 20.Qb2 Be6 21.Nce2 Rad8 22.Rd2 Nb3
23.Rxd8 Rxd8 24.Rb1 Nd3 25.Qc2 Nxf2 26.Nf3 Nxh3 27.Rxb3 Bxb3 28.Qxb3 Nf4
29.Bc1 g5 30.Ng3 g4 31.Ne1 Qh6+ 32.Kg1 Nh3+ 33.gxh3 Qxc1 34.Ng2 gxh3 35.Ne3 Qe1
36.Nef5 Rd2 37.Qf3 h2+ 38.Kh1 Qf2 39.Qxf2 Rxf2 40.Nd6 Bh6 41.Bg2 b5 42.Nc8 Ra2
43.Kxh2 Bf4 44.Nxa7 Bxg3+ 45.Kh3 Rxa3 46.Nxc6 Be1+ 47.Kh2 Rb3  0-1

[Event "Budapest FS08 IM-A"]
[Site "Budapest"]
[Date "1995.??.??"]
[Round "5"]
[White "Simeonidis, Ioannis"]
[Black "Pirisi, Gabor"]
[Result "1/2-1/2"]
[WhiteElo "2205"]
[BlackElo "2370"]

1.d4 Nf6 2.c4 g6 3.Nc3 Bg7 4.e4 d6 5.Nf3 O-O 6.Be2 e5 7.Be3 Nbd7 8.d5 Ng4
9.Bg5 f6 10.Bd2 Nh6 11.O-O a5 12.Ne1 f5 13.f3 f4 14.Nd3 g5 15.g4 Rf6 16.Kg2 Nf7
17.h3 h5 18.Be1 Rh6 19.a3 Nh8 20.b4 Ng6 21.Rh1 Bf8 22.Bf2 Nh4+ 23.Bxh4 gxh4
24.Nf2 Be7 25.Rc1 axb4 26.axb4 Qf8 27.Ra1 Rb8 28.Nb5 Bd8 29.Na7 Nf6 30.Nxc8 Rxc8
31.Ra7 Rb8  1/2-1/2

[Event "Budapest FS09 GM"]
[Site "Budapest"]
[Date "1995.??.??"]
[Round "5"]
[White "Lukacs, Peter"]
[Black "Touzane, Olivier"]
[Result "1/2-1/2"]
[WhiteElo "2480"]
[BlackElo "2250"]

1.d4 Nf6 2.c4 g6 3.Nc3 Bg7 4.e4 d6 5.Nf3 O-O 6.Be2 e5 7.Be3 exd4 8.Nxd4 Re8
9.f3 c6 10.Qd2 d5 11.exd5 cxd5 12.O-O Nc6 13.Rad1 Nxd4 14.Bxd4 dxc4 15.Bxc4 Be6
16.Bb5 Rf8  1/2-1/2

[Event "Budapest FS10 IM-B"]
[Site "Budapest"]
[Date "1995.??.??"]
[Round "6"]
[White "Hetey, Laszlo"]
[Black "Zaitsev, Vadim"]
[Result "0-1"]
[WhiteElo "2290"]
[BlackElo "2350"]

1.d4 Nf6 2.c4 g6 3.Nc3 Bg7 4.e4 d6 5.Nf3 O-O 6.Be2 e5 7.d5 Nh5 8.Be3 Na6
9.a3 Nf4 10.Bf1 f5 11.b4 c6 12.exf5 Bxf5 13.Rc1 Nc7 14.dxc6 bxc6 15.Bxf4 exf4
16.Be2 d5 17.Nd4 Bxd4 18.Qxd4 Ne6 19.Qe5 d4 20.Ne4 d3 21.Rd1 Qd4 22.Qxd4 Nxd4
23.Bxd3 f3 24.gxf3 Nxf3+ 25.Ke2 Rae8 26.Ke3 Ng5 27.f3 Nxf3 28.Bb1 Bxe4 29.Bxe4 Ng5  0-1

[Event "Budapest FS10 IM-A"]
[Site "Budapest"]
[Date "1995.??.??"]
[Round "6"]
[White "Kahn, Evarth"]
[Black "Kecskes, Gabor"]
[Result "1-0"]
[WhiteElo "2350"]
[BlackElo "2280"]

1.Nf3 Nf6 2.d4 g6 3.c4 Bg7 4.Nc3 O-O 5.e4 d6 6.Be2 e5 7.dxe5 dxe5 8.Qxd8 Rxd8
9.Bg5 Re8 10.Nd5 Nxd5 11.cxd5 c6 12.Bc4 b5 13.Bb3 a5 14.a3 a4 15.Ba2 Bb7
16.Rc1 Rc8 17.O-O c5 18.Ne1 Nd7 19.Be3 Bf8 20.Nf3 h6 21.Rfd1 Kg7 22.Nd2 c4
23.Nb1 Nc5 24.Nc3 Nd3 25.Rc2 b4 26.axb4 Bxb4 27.Nb5 Ba6 28.Na7 Rcb8 29.Nc6 Rb7
30.Ra1 Bd6 31.Rb1 f5 32.exf5 gxf5 33.Bd2 e4 34.g3 Bc5 35.Bc3+ Kh7 36.Na5 Rd7
37.Nxc4 Rxd5 38.Nb6 Bxb6 39.Bxd5 Rd8 40.Be6 Kg6 41.Ra1 Bb5 42.Kg2 f4 43.g4 f3+
44.Kg3 Bc7+ 45.Kh4 Bd7 46.Bxd7 Rxd7 47.Rxa4 e3 48.Rd4 Bd8+ 49.Kg3 Rxd4 50.Bxd4 e2
51.Rc6+ Kf7 52.Bc3 e1=Q 53.Bxe1 Nxe1 54.b4 Nd3 55.Rxh6 Nxb4 56.Kxf3 Bf6 57.h4 Kg7
58.g5 Nd5 59.Rxf6  1-0

[Event "Budapest FS10 GM"]
[Site "Budapest"]
[Date "1995.??.??"]
[Round "6"]
[White "Lukacs, Peter"]
[Black "Gonzalez Garcia, Jose"]
[Result "1-0"]
[WhiteElo "2480"]
[BlackElo "2375"]

1.d4 Nf6 2.c4 g6 3.Nc3 Bg7 4.e4 d6 5.Nf3 O-O 6.Be2 e5 7.Be3 Na6 8.O-O Ng4
9.Bg5 Qe8 10.dxe5 dxe5 11.h3 h6 12.Bd2 Nf6 13.Be3 Nh5 14.Re1 Nf4 15.Bf1 Ne6
16.a3 b6 17.b4 Bb7 18.Ra2 Rd8 19.Rd2 c6 20.c5 bxc5 21.Qa4 cxb4 22.axb4 Nac7
23.Qxa7 Rxd2 24.Nxd2 Qa8 25.Qa5 Ba6 26.Nc4 Nb5 27.Nb6 Qb7 28.Nca4 Rd8 29.Nc5 Nxc5
30.bxc5 Nc7 31.Nc4 Qb8 32.Qb6 Bb5 33.Na5 Na8 34.Qxb8 Rxb8 35.Rb1 Rc8 36.Bxb5 cxb5
37.Rxb5 Nc7 38.Rb7 Bf8 39.c6 Ne6 40.Rd7 Bb4 41.Nc4 Rxc6 42.Nxe5 Rd6 43.Bxh6 Rxd7
44.Nxd7 g5 45.Nf6+ Kh8 46.g3 Be7 47.Nd5 Bd8 48.Ne3 Kh7 49.Nf5 Kg6 50.Kg2 Bc7
51.h4 f6 52.Kh3 Nc5 53.f3 Nd3 54.Kg2 Bb6 55.Kf1 Bc5 56.Ke2 Nb4 57.hxg5 fxg5
58.f4 gxf4 59.gxf4  1-0

[Event "Budapest Elekes"]
[Site "Budapest"]
[Date "1995.??.??"]
[Round "6"]
[White "Danner, Georg"]
[Black "Enders, Peter"]
[Result "0-1"]
[WhiteElo "2440"]
[BlackElo "2480"]

1.d4 Nf6 2.c4 g6 3.Nc3 Bg7 4.e4 d6 5.Nf3 O-O 6.Be2 e5 7.d5 a5 8.Bg5 Na6 9.Nd2 h6
10.Bh4 Qe8 11.a3 Bd7 12.b3 Nh7 13.f3 h5 14.Rb1 Bh6 15.Bf2 Qe7 16.b4 axb4
17.axb4 h4 18.c5 dxc5 19.b5 Nb4 20.Nc4 Na2 21.Qc2 Nxc3 22.Qxc3 Bg7 23.b6 c6
24.dxc6 Bxc6 25.Na5 Rfc8 26.Bc4 h3 27.g3 Ng5 28.Nxc6 Rxc6 29.Bd5 Rf6 30.O-O Nxf3+
31.Kh1 Nd4 32.Be3 Kh7 33.Qc4 Ra3 34.Bxd4 exd4 35.Qe2 Bh6 36.Qg4 Rxf1+ 37.Rxf1 Qf6
38.Qxh3 Rf3 39.Bc4 Kg7 40.Qg2 Rxf1+ 41.Qxf1 Qxf1+ 42.Bxf1 Kf6 43.Kg2 Ke5
44.Kf3 Kd6 45.Bc4 f6 46.Bd5 c4 47.Bxb7 Kc5 48.Ba6 Bf8 49.h4 d3 50.Ke3 Kb4
51.b7 Bd6 52.g4 g5 53.h5 Bf4+ 54.Kf2 Kb3 55.Bb5 d2 56.Ke2 c3 57.e5 d1=Q+
58.Kxd1 c2+ 59.Ke2 Bxe5 60.Ba4+ Kxa4  0-1

[Event "Budapest FS04 GM"]
[Site "Budapest"]
[Date "1995.??.??"]
[Round "6"]
[White "Lukacs, Peter"]
[Black "Gonzalez Garcia, Jose"]
[Result "1/2-1/2"]
[WhiteElo "2490"]
[BlackElo "2360"]

1.d4 Nf6 2.c4 g6 3.Nc3 Bg7 4.Nf3 O-O 5.e4 d6 6.Be2 e5 7.d5 a5 8.Bg5 h6 9.Bh4 Na6
10.Nd2 Qe8 11.O-O Nh7 12.f3 h5 13.a3 Bd7 14.b3 Bh6 15.Kh1  1/2-1/2

[Event "Budapest FS09 IM-A"]
[Site "Budapest"]
[Date "1995.??.??"]
[Round "7"]
[White "Czebe, Attila"]
[Black "Horvath, Gabor"]
[Result "1-0"]
[WhiteElo "2340"]
[BlackElo "2325"]

1.d4 Nf6 2.c4 g6 3.Nc3 Bg7 4.e4 d6 5.Nf3 O-O 6.Be2 e5 7.d5 a5 8.Bg5 h6 9.Bh4 Na6
10.Nd2 g5 11.Bg3 Nc5 12.O-O Bd7 13.b3 Qe7 14.a3 Nfxe4 15.Ndxe4 Nxe4 16.Nxe4 f5
17.f3 fxe4 18.fxe4 Rxf1+ 19.Qxf1 g4 20.Qf2 Bf6 21.Rf1 Kg7 22.Qe3 h5 23.Be1 Bg5
24.Qd3 Bf4 25.g3 Bg5 26.h4 gxh3 27.Bxh5 Rf8 28.Bxa5 Kh6 29.Rxf8 Qxf8 30.Qf3 Qg7
31.Kh2 Bc1 32.Bxc7 Qg5 33.g4 Bf4+ 34.Kh1 Qh4 35.Ba5 b5 36.Bc3 bxc4 37.bxc4 Ba4
38.c5 Bd1 39.g5+ Kg7 40.Qxd1 Qg3 41.Qg1 Qd3 42.Qe1 Qc2 43.Qe2 Qxc3 44.cxd6 Qc1+
45.Qd1 Qb2 46.Be2 Qxa3 47.d7 Qe7 48.Bg4 Qxg5 49.Qg1 Qh4 50.Be6+ Bg3 51.Bf5 h2
52.Qa7 Qd8 53.Qa6 Qg5 54.Qg6+  1-0

[Event "Budapest FS02 IM-A"]
[Site "Budapest"]
[Date "1995.??.??"]
[Round "7"]
[White "Lavrov, Andrey"]
[Black "Balogh, Bela"]
[Result "1-0"]
[WhiteElo "2385"]
[BlackElo "2225"]

1.d4 Nf6 2.c4 g6 3.Nc3 Bg7 4.e4 d6 5.Nf3 O-O 6.Be2 e5 7.O-O exd4 8.Nxd4 Re8
9.f3 Nc6 10.Nc2 Ne5 11.Bg5 h6 12.Be3 c6 13.Qd2 Be6 14.b3 Qa5 15.Rad1 Rad8
16.Nd5 Qxd2 17.Nxf6+ Bxf6 18.Rxd2 d5 19.cxd5 cxd5 20.Bb5 Nc6 21.exd5 Rxd5
22.Rxd5 Bxd5 23.Bxh6 a6 24.Bxc6 Bxc6 25.Be3 Rd8 26.Kf2 a5 27.Rc1 Bb2 28.Rb1 Bf6
29.Na3 a4 30.Nc4 axb3 31.axb3 Rd5 32.Ke2 Kg7 33.Rd1 Rh5 34.h3 Rh8 35.Na5 Bb5+
36.Kf2 Ba6 37.Bd4 Re8 38.Bxf6+ Kxf6 39.Rd6+ Kg7 40.Rd2 Rc8 41.b4 Rc7 42.g4 Rc3
43.Rb2 b6 44.Nb3 Bb7 45.Nd2 Bd5 46.h4 Kf6 47.Rb1 Ke5 48.h5 gxh5 49.gxh5 Rc2
50.Ke3 Rc3+ 51.Ke2 Kf5 52.Rg1 Rc6 53.Ke3 Rh6 54.Ne4 Bxe4 55.fxe4+ Kf6 56.Rh1 Kg5
57.b5 f5 58.Rg1+ Kf6 59.Rg6+ Rxg6 60.hxg6 Kxg6 61.Kf4  1-0

[Event "Budapest FS09 IM-A"]
[Site "Budapest"]
[Date "1995.??.??"]
[Round "7"]
[White "Giddins, Stephen"]
[Black "Kecskes, Gabor"]
[Result "1-0"]
[WhiteElo "2345"]
[BlackElo "2280"]

1.d4 Nf6 2.c4 g6 3.Nc3 Bg7 4.e4 d6 5.Be2 O-O 6.Nf3 Nbd7 7.O-O e5 8.d5 Nc5
9.Qc2 a5 10.Bg5 h6 11.Be3 Ng4 12.Bxc5 dxc5 13.h3 Nf6 14.Nxe5 Nxd5 15.cxd5 Bxe5
16.f4 Bd4+ 17.Kh2 Qh4 18.e5 Bf5 19.Bd3 Be3 20.Ne2 Bg4 21.Ng3 g5 22.fxg5 hxg5
23.Ne4 Kg7 24.Nf6 Rh8 25.Bf5 Bxf5 26.Qxf5 Bf4+ 27.Kg1 Qg3 28.Rf3 Qh4 29.Raf1 Raf8
30.Ne4  1-0

[Event "Budapest FS08 IM-A"]
[Site "Budapest"]
[Date "1995.??.??"]
[Round "7"]
[White "Boros, Daniel"]
[Black "Pirisi, Gabor"]
[Result "1/2-1/2"]
[WhiteElo "2325"]
[BlackElo "2370"]

1.d4 Nf6 2.c4 g6 3.Nc3 Bg7 4.e4 d6 5.Nf3 O-O 6.Be2 e5 7.dxe5 dxe5 8.Qxd8 Rxd8
9.Bg5 c6 10.Nxe5 Re8 11.f4 h6 12.Bh4 g5 13.Bg3 gxf4 14.Bxf4  1/2-1/2

[Event "Budapest FS10 IM-A"]
[Site "Budapest"]
[Date "1995.??.??"]
[Round "7"]
[White "Kecskes, Gabor"]
[Black "Habibi, Ali"]
[Result "1/2-1/2"]
[WhiteElo "2280"]
[BlackElo "2295"]

1.d4 d6 2.Nf3 Nf6 3.c4 g6 4.Nc3 Bg7 5.e4 O-O 6.Be2 e5 7.Be3 Nc6 8.d5 Ne7
9.Nd2 Ne8 10.O-O f5 11.f3 f4 12.Bf2 g5 13.c5 Rf6 14.a4 h5 15.Nb5 a6 16.cxd6 cxd6
17.Na3 Rg6 18.Nac4 g4 19.Bh4 Bf6 20.Bxf6 Nxf6 21.a5 gxf3 22.Bxf3 Bg4 23.Kh1 Kg7
24.Qb3 Rb8 25.Qb6 Nd7 26.Qb4 Nc8 27.Qc3 Kh7 28.Rac1 Na7 29.Na3 Rc8 30.Qb4 Bxf3
31.Nxf3 Rc7 32.Rc3 Rxc3 33.bxc3 Qc7 34.Nh4 Rg4 35.Nf5 Nc5 36.Rb1 Rg6 37.c4 Nc8
38.Qe1 Qd8 39.Qe2 Qg5 40.Nc2 Qg4 41.Qf3 Rf6 42.Ne1 Rf7 43.h3 Qxf3 44.gxf3 Rc7
45.Rb4 Kg6 46.Kg2 Kf6 47.Kf1 Rd7 48.Ke2 Ne7 49.Nxe7 Kxe7 50.Nd3 Nxd3 51.Kxd3 Rc7
52.Rb6 Kd7 53.Kc3 Ke7 54.Rb1 Kf6 55.Rb6 Ke7 56.Kb4 Kd7 57.Kb3 Ke7 58.c5 Rxc5
59.Rxb7+ Kd8 60.Rb6 Kd7 61.Rxa6 Rc1 62.Ra7+ Kc8 63.Ka4 Rc3 64.Kb5 Rxf3 65.Kc6 Kb8
66.Rb7+ Ka8 67.Rh7 Re3 68.Kxd6 Rxe4 69.Ke6 f3 70.d6 Rd4 71.Kxe5 f2 72.Rf7 Rd2
73.Ke6 Re2+ 74.Kd7 Kb7 75.Kd8+ Kc6 76.d7 Rd2 77.Rf6+ Kb7 78.Ke7 Re2+ 79.Kd8 h4
80.a6+ Ka7 81.Kc7 Rc2+ 82.Kd6 Rd2+ 83.Ke7 Re2+ 84.Kf7 Rd2 85.Ke6 Re2+ 86.Kd5 Rd2+
87.Kc6 Rc2+ 88.Kb5 Rb2+ 89.Kc5 Rc2+ 90.Kd6 Rd2+ 91.Ke5 Rxd7 92.Rxf2 Rd3 93.Rh2 Kxa6
94.Kf4 Rg3  1/2-1/2

[Event "Budapest FS08 IM-A"]
[Site "Budapest"]
[Date "1995.??.??"]
[Round "7"]
[White "Hedman, Erik"]
[Black "Kiss, Gedeon"]
[Result "1-0"]
[WhiteElo "2320"]
[BlackElo "2120"]

1.d4 Nf6 2.c4 g6 3.Nc3 Bg7 4.e4 d6 5.Nf3 O-O 6.Be2 e5 7.Be3 Nc6 8.d5 Ne7
9.Nd2 Ne8 10.c5 f5 11.f3 f4 12.Bf2 h5 13.b4 g5 14.a4 Ng6 15.a5 Nf6 16.h3 Kf7
17.cxd6 cxd6 18.Nb5 a6 19.Bb6 Qe7 20.Nc7 Rb8 21.Ba7 Qxc7 22.Rc1 Qe7 23.Bxb8 Nh4
24.Kf1 Bd7 25.Ba7 Rh8 26.Rc7 g4 27.hxg4 hxg4 28.fxg4 Nf5 29.Rxh8 Ng3+ 30.Kg1 Bxh8
31.g5 Nfxe4 32.Nxe4 Nxe4 33.Bg4 Kf8 34.Rxd7 Qxg5 35.Qc2  1-0

[Event "Budapest FS05 IM"]
[Site "Budapest"]
[Date "1995.??.??"]
[Round "7"]
[White "Hoang Than Trang"]
[Black "Dao Thien Hai"]
[Result "1/2-1/2"]
[WhiteElo "2325"]
[BlackElo "2480"]

1.d4 Nf6 2.c4 g6 3.Nc3 Bg7 4.e4 d6 5.Nf3 O-O 6.Be2 e5 7.O-O Nbd7 8.Qc2 c6
9.d5 Qc7 10.a3 Nh5 11.g3 a6 12.b4 c5 13.Rb1 b6 14.bxc5 bxc5  1/2-1/2

[Event "Budapest Elekes"]
[Site "Budapest"]
[Date "1995.??.??"]
[Round "9"]
[White "Enders, Peter"]
[Black "Gonzalez, GJ."]
[Result "0-1"]
[WhiteElo "2480"]
[BlackElo "2360"]

1.d4 Nf6 2.c4 g6 3.Nc3 Bg7 4.e4 d6 5.Be2 O-O 6.Nf3 e5 7.d5 a5 8.Bg5 h6 9.Bh4 Na6
10.Nd2 h5 11.O-O Bh6 12.Nf3 Kg7 13.a3 Bd7 14.Rb1 Nc5 15.b4 axb4 16.axb4 Na4
17.Nxa4 Rxa4 18.c5 Ra3 19.h3 Ba4 20.Qe1 Bc2 21.Ra1 Rxa1 22.Qxa1 Bxe4 23.Rd1 Qa8
24.Qb2 Re8 25.Qb3 Qa7 26.Ng5 Bf5 27.Qc4 Qa4 28.g4 hxg4 29.hxg4 Bc2 30.Rf1 Qb3
31.Qb5 Qxd5 32.Nh7 Kxh7 33.Bxf6 Qe6 34.g5 Be4 35.f3 Bc6 36.Qc4 Qxc4 37.Bxc4 Bg7
38.b5 Bd7 39.Bxf7 Rf8 40.Bxg7 Kxg7 41.Bd5 Bxb5 42.Rb1 Bc6 43.Bxc6 bxc6 44.Rb7 Rf7
45.Kg2 d5 46.Ra7 d4 47.Ra2 Rd7 48.Kf2 Kf7 49.Ra6 Ke6 50.Rxc6+ Kf5 51.Ke2 Kxg5
52.Kd3 Kf5 53.Ra6 Rh7 54.Ra8 Rh1 55.Rc8 Rh3 56.Rf8+ Ke6 57.Kc4 Ke7 58.Rc8 Rxf3
59.Rxc7+ Ke6 60.Rg7 Rc3+ 61.Kb5 Kd5 62.Rd7+ Ke4 63.c6 d3 64.c7 d2  0-1

[Event "Budapest FS11 IM-A"]
[Site "Budapest"]
[Date "1995.??.??"]
[Round "9"]
[White "Murzin, Lenar"]
[Black "Touzane, Olivier"]
[Result "1/2-1/2"]
[WhiteElo "2265"]
[BlackElo "2250"]

1.d4 Nf6 2.c4 g6 3.Nc3 Bg7 4.e4 d6 5.Nf3 O-O 6.Be2 e5 7.dxe5 dxe5 8.Qxd8 Rxd8
9.Bg5 c6 10.Nxe5 Re8 11.O-O-O Na6 12.Rd6 Be6 13.f4 Nc5 14.Bxf6 Bxf6 15.Rhd1  1/2-1/2

[Event "Budapest FS12 IM"]
[Site "Budapest"]
[Date "1995.??.??"]
[Round "9"]
[White "Mijailovic, Zoran"]
[Black "Touzane, Olivier"]
[Result "1-0"]
[WhiteElo "2360"]
[BlackElo "2250"]

1.Nf3 g6 2.c4 Bg7 3.e4 d6 4.d4 Nf6 5.Nc3 O-O 6.Be2 e5 7.Be3 exd4 8.Nxd4 Re8
9.f3 c6 10.Nc2 d5 11.cxd5 cxd5 12.exd5 Bf5 13.Bf2 Nxd5 14.Nxd5 Bxc2 15.Qxc2 Qxd5
16.O-O Nc6 17.Bc4 Qd7 18.Rad1 Qc7 19.Bd5 Rac8 20.Rfe1 Rxe1+ 21.Rxe1 Qd7 22.Bb3  1-0

[Event "Budapest FS10 GM"]
[Site "Budapest"]
[Date "1995.??.??"]
[Round "10"]
[White "Horvath, Jozsef"]
[Black "Enders, Peter"]
[Result "1/2-1/2"]
[WhiteElo "2510"]
[BlackElo "2470"]

1.d4 Nf6 2.c4 g6 3.Nc3 Bg7 4.e4 d6 5.Be2 O-O 6.Nf3 e5 7.Be3 Qe7 8.dxe5 dxe5
9.Nd5 Qd8 10.Bc5 Nxe4 11.Be7  1/2-1/2

[Event "Budapest FS08 GM"]
[Site "Budapest"]
[Date "1995.??.??"]
[Round "11"]
[White "Lukacs, Peter"]
[Black "Schneider, Attila"]
[Result "1-0"]
[WhiteElo "2480"]
[BlackElo "2355"]

1.d4 Nf6 2.c4 g6 3.Nc3 Bg7 4.e4 d6 5.Nf3 O-O 6.Be2 e5 7.Be3 exd4 8.Nxd4 Re8
9.f3 c6 10.Qd2 d5 11.exd5 cxd5 12.O-O dxc4 13.Rad1 a6 14.Bxc4 b5 15.Bb3 Ra7
16.Qf2 Rd7 17.Nc2 Bb7 18.Bb6 Qc8 19.Nb4 Rxd1 20.Rxd1 Nbd7 21.Bd4 Ne5 22.Nbd5 Qf5
23.Bc2 Qh5 24.Nxf6+ Bxf6 25.Be4 Bxe4 26.Nxe4 Bg7 27.Bc3 a5 28.a3 b4 29.axb4 axb4
30.Bxb4 Nc6 31.Ng3 Qb5 32.Bc3 Bh6 33.Ne4 Kf8 34.Qh4 Be3+ 35.Kh1 Qa4 36.Re1  1-0

[Event "Budapest"]
[Site "Budapest"]
[Date "1995.??.??"]
[Round "11"]
[White "Petran, Pal"]
[Black "Riegler, Primoz"]
[Result "1-0"]
[WhiteElo "2470"]
[BlackElo "2335"]

1.d4 Nf6 2.c4 g6 3.Nc3 Bg7 4.e4 d6 5.Nf3 O-O 6.Be2 e5 7.d5 a5 8.Bg5 Na6 9.Nd2 h6
10.Bh4 Qe8 11.O-O Bd7 12.Kh1 Nh7 13.a3 h5 14.f3 b6 15.Qc2 Bh6 16.Rae1 Kh8
17.Nb5 f5 18.exf5 Bxf5 19.Bd3 Qd7 20.Ne4 Nc5 21.Nxc5 bxc5 22.Re2 Bg5 23.Bxg5 Nxg5
24.Ref2 Kh7 25.Nc3 Bxd3 26.Qxd3 Rf4 27.Ne2 Rf6 28.f4 exf4 29.Rxf4 Rxf4 30.Nxf4 Qf5
31.Qxf5 gxf5 32.Nxh5 Kg6 33.Ng3 Rb8 34.Nxf5 Rxb2 35.h4 Ne4 36.Rf4 Nf2+ 37.Kh2 Nd3
38.Rf1 Ne5 39.Ng3 Nxc4 40.h5+ Kh7 41.Rf7+ Kh6 42.Kh3 Rd2 43.Rf6+ Kh7 44.Nf5 Ne5
45.Re6 Rxd5 46.Re7+ Kh8 47.Rxc7 Rd2 48.g3 Rd5 49.Ne3 Rd4 50.Nf5 Rd5 51.Kh4 c4
52.Kg5 Rd3 53.Kf4 Rf3+ 54.Ke4 Rxa3 55.Nxd6 Ng4 56.Kf4 Ne3 57.Rc8+ Kh7 58.g4 Nd5+
59.Ke5 Rg3 60.Rxc4 Ne3 61.Rc7+ Kg8 62.Rc8+ Kh7 63.Kf4 Rxg4+ 64.Kxe3 Rh4 65.Ne4 a4  1-0

[Event "Budapest FS09 IM-A"]
[Site "Budapest"]
[Date "1995.??.??"]
[Round "11"]
[White "Eperjesi, Laszlo"]
[Black "Peredy, Ferenc"]
[Result "1/2-1/2"]
[WhiteElo "2280"]
[BlackElo "2235"]

1.d4 Nf6 2.c4 g6 3.Nc3 Bg7 4.e4 d6 5.Be2 O-O 6.Nf3 e5 7.O-O exd4 8.Nxd4 Re8
9.f3 Nh5 10.g4 Nf6 11.Bf4 h5 12.h3 Nbd7 13.Qd2 Ne5 14.Rad1 c6 15.Nc2 Be6
16.b3 Qa5  1/2-1/2

[Event "Budapest Elekes"]
[Site "Budapest"]
[Date "1995.??.??"]
[Round "11"]
[White "Danner, Georg"]
[Black "Gonzalez, GJ."]
[Result "1-0"]
[WhiteElo "2445"]
[BlackElo "2360"]

1.d4 Nf6 2.c4 g6 3.Nc3 Bg7 4.e4 d6 5.Nf3 O-O 6.Be2 e5 7.d5 a5 8.Bg5 h6 9.Bh4 Na6
10.Nd2 Bd7 11.a3 Qe8 12.b3 Nh7 13.Rb1 h5 14.f3 Bh6 15.Bf2 Qe7 16.b4 axb4
17.axb4 b6 18.h4 f5 19.Bd3 Nf6 20.Qc2 Qg7 21.Ke2 Bxd2 22.Qxd2 fxe4 23.Nxe4 b5
24.cxb5 Nxe4 25.fxe4 Bg4+ 26.Ke1 Nb8 27.b6 cxb6 28.Bxb6 Ra3 29.Rc1 Qb7 30.Be3 Na6
31.Rf1 Nxb4 32.Rxf8+ Kxf8 33.Bc4 Kg8 34.Kf2 Na6 35.Kg1 Qb4 36.Qf2 Qb7 37.Rf1 Qg7
38.Bh6 Qe7 39.Bf8 Qc7 40.Bxd6  1-0

[Event "Budapest FS11 IM-A"]
[Site "Budapest"]
[Date "1995.??.??"]
[Round "11"]
[White "Murzin, Lenar"]
[Black "Farago, Sandor"]
[Result "1/2-1/2"]
[WhiteElo "2265"]
[BlackElo "2360"]

1.d4 Nf6 2.c4 g6 3.Nc3 Bg7 4.e4 d6 5.Nf3 O-O 6.Be2 e5 7.dxe5 dxe5 8.Qxd8 Rxd8
9.Bg5 Nbd7 10.O-O-O Rf8 11.Nd2 c6  1/2-1/2

[Event "Budapest FS08 IM-B"]
[Site "Budapest"]
[Date "1995.??.??"]
[Round "11"]
[White "Kecskes, Gabor"]
[Black "Kahn, Evarth"]
[Result "0-1"]
[WhiteElo "2280"]
[BlackElo "2350"]

1.d4 Nf6 2.Nf3 g6 3.c4 Bg7 4.Nc3 O-O 5.e4 d6 6.Be2 e5 7.Be3 h6 8.O-O Ng4
9.Bc1 Nc6 10.d5 Ne7 11.Ne1 f5 12.Bxg4 fxg4 13.b4 a5 14.bxa5 Rxa5 15.a4 g5
16.Ba3 Ng6 17.Bb4 Ra6 18.c5 Nh4 19.Nb5 Rf4 20.cxd6 cxd6 21.Qc2 Nf3+ 22.gxf3 gxf3
23.Qc7 Qe8 24.Ra3 Bh3 25.Nxd6 Rxd6 26.Bxd6 Qh5 27.Rxf3 Rxf3 28.Bxe5 Bxe5
29.Qxe5 Qg4+ 30.Kh1 Bxf1 31.Qe8+ Kg7 32.Qe5+ Rf6 33.d6 Bg2+ 34.Nxg2 Qd1+
35.Ne1 Qxe1+ 36.Kg2 Qxf2+  0-1

[Event "Budapest FS08 GM"]
[Site "Budapest"]
[Date "1995.??.??"]
[Round "12"]
[White "Acs, Peter"]
[Black "Enders, Peter"]
[Result "1/2-1/2"]
[WhiteElo "2370"]
[BlackElo "2470"]

1.d4 Nf6 2.c4 g6 3.Nc3 Bg7 4.e4 d6 5.Be2 O-O 6.Nf3 e5 7.dxe5 dxe5 8.Qxd8 Rxd8
9.Bg5 Re8 10.Nd5 Nxd5 11.cxd5 c6 12.O-O-O  1/2-1/2

[Event "Budapest FS03 GM"]
[Site "Budapest"]
[Date "1995.??.??"]
[Round "14"]
[White "Lukacs, Peter"]
[Black "Kjeldsen, Jens"]
[Result "1/2-1/2"]
[WhiteElo "2490"]
[BlackElo "2410"]

1.d4 Nf6 2.c4 g6 3.Nc3 Bg7 4.e4 d6 5.Nf3 O-O 6.Be2 e5 7.O-O exd4 8.Nxd4 Re8
9.f3 Nc6 10.Be3 Nh5 11.f4 Nf6 12.Bf3 Bg4 13.Nxc6 Bxf3 14.Qxf3 bxc6 15.Rae1 Qb8
16.e5 dxe5 17.fxe5 Rxe5 18.Bd4 Rxe1 19.Rxe1 Qd8 20.Rd1 Qe7 21.Rf1 Nh5 22.Bxg7 Kxg7
23.Qxc6 Qe3+ 24.Kh1 Re8 25.g3 Re7 26.Kg2 f5 27.Rf2 Qb6 28.Qxb6 cxb6 29.Rd2 Nf6  1/2-1/2

[Event "ARG-chT"]
[Site "Buenos Aires"]
[Date "1995.??.??"]
[Round "1"]
[White "Ricardi, Pablo"]
[Black "Sorin, Ariel"]
[Result "1-0"]
[WhiteElo "2545"]
[BlackElo "2500"]

1.d4 Nf6 2.Nf3 g6 3.c4 Bg7 4.Nc3 O-O 5.e4 d6 6.Be2 e5 7.O-O Na6 8.Re1 c6
9.dxe5 dxe5 10.Qxd8 Rxd8 11.Nxe5 Nc5 12.Bf1 Re8 13.Nd3 Ncxe4 14.Nxe4 Rxe4
15.Rxe4 Nxe4 16.Be3 Be6 17.Nf4 Bf5 18.f3 Ng5 19.Rd1 Bxb2 20.h4 Ne6 21.Nxe6 fxe6
22.g4 Bc2 23.Rd7 b6 24.c5 b5 25.Rc7 Bb1 26.Rxc6 Bxa2 27.Bxb5 a5 28.Rb6 Bd5
29.c6 Be5 30.f4 Bd6 31.Ba4 Rc8 32.Ra6 Kf7 33.Kf2 h6 34.Rxa5 Bxc6 35.Ra7+ Kg8
36.Bb3 Bd5 37.Bxd5 exd5 38.Rd7 Rc6 39.Kf3 Kf8 40.Rxd6 Rxd6 41.Bc5 Ke7 42.Ke3 Kd7
43.Bxd6 Kxd6 44.Kd4 Ke6 45.Kc5 h5 46.g5 Kf5 47.Kxd5 Kg4 48.Ke5 Kxh4 49.f5 Kxg5
50.f6 Kg4 51.f7  1-0

[Event "ARG-chT"]
[Site "Buenos Aires"]
[Date "1995.??.??"]
[Round "2"]
[White "Garcia, Raimundo"]
[Black "Rey, Alejandro"]
[Result "1/2-1/2"]
[WhiteElo "2395"]
[BlackElo "2275"]

1.d4 Nf6 2.c4 g6 3.Nf3 Bg7 4.Nc3 O-O 5.e4 d6 6.Be2 e5 7.Be3 h6 8.dxe5 Ng4
9.Bc1 Nxe5 10.Nxe5 dxe5 11.Qxd8 Rxd8 12.Nd5 Na6 13.Be3 Be6 14.O-O-O Bf8 15.f4 exf4
16.Bxf4 c6 17.Nf6+ Kh8 18.Be5 Bg7 19.g4 Nc5 20.Bc3 Na4 21.Be5 Nb6 22.b3 Nd7
23.Nxd7 Rxd7 24.Rxd7 Bxd7 25.Rd1 Be6 26.Bd6 Re8 27.Bf3 Bc8 28.c5  1/2-1/2